Szybkie pisanie do 20 - Statystyki

Ogólne statystyki
  • Ten quiz został rozwiązany 185 razy
  • Średni wynik to 18 z 20
Statystyki odpowiedzi
Odpowiedź % Poprawnych
1
100%
2
97%
3
97%
4
93%
5
93%
6
93%
7
93%
8
93%
9
92%
10
91%
11
89%
12
87%
13
87%
14
86%
15
85%
16
84%
17
82%
18
80%
19
79%
20
78%
Nie znaleziono quizów pasujących do podanych kryteriów
Rozkład punktacji
Procent ludzi z każdym wynikiem
Percentyl według liczby udzielonych odpowiedzi
Twoja historia wyników
Nie rozwiązałeś tego quizu